00399nam a2200121Ia 4500008004100000245005700041245001700098260000900115650001300124856004800137999001900185952007300204171211s9999 xx 000 0 und d 4aThe Natural Pharmacy Revised and Updated 3rd Edition cAlan R. Gaby c2009 xPHARMACY uhttp://down.ebook777.com/041/0307336654.pdf c349770d349770 001040aCLbCLd2017-12-11l0r2017-12-11 00:00:00w2017-12-11yCBE